| 000 | 02390cam a2200289 4500500 | ||
|---|---|---|---|
| 005 | 20260322010447.0 | ||
| 041 | _afre | ||
| 042 | _adc | ||
| 100 | 1 | 0 |
_aObiora Nnabugwu, Chidiebere _eauthor |
| 245 | 0 | 0 | _aAfricanising the Catholic Clergy in the Vatican II Vota from Africa (1959-1960) |
| 260 | _c2026. | ||
| 500 | _a99 | ||
| 520 | _aLa pénurie de prêtres était l’un des principaux défis de l’Église catholique naissante en Afrique à la veille du concile Vatican II. Cette contribution met en évidence la lenteur de l’indigénisation du clergé dans les missions africaines comme un facteur clé de cette carence. S’appuyant sur les vota soumis à la commission préparatoire du concile par les prélats de l’Église africaine, dont la plupart étaient des missionnaires expatriés, l’article identifie certains éléments qui ont entravé l’émergence du clergé autochtone, tels que l’appréhension concernant le célibat sacerdotal chez les indigènes, le manque de ressources et de personnel nécessaires pour former un clergé local, ainsi que l’obstacle que constitue la naissance « illégitime ». | ||
| 520 | _aThe scarcity of priests was one of the main challenges of the nascent Catholic Church in Africa on the eve of the Second Vatican Council. This contribution highlights the slowed indigenisation of the clergy in the African missions as a key factor behind this dearth. Drawing on the vota submitted to the Council’s Antepreparatory Commission by prelates of the African Church, most of whom were expatriate missionaries, the study identifies certain elements that hampered the emergence of the local clergy, such as the apprehension regarding priestly celibacy among the natives, lack of resources and personnel needed to form a native clergy, as well as the impediment concerning illegitimacy. | ||
| 690 | _aafricanisation (indigénisation) | ||
| 690 | _aConcile Vatican II | ||
| 690 | _amissions africaines | ||
| 690 | _apénurie de prêtres | ||
| 690 | _avota | ||
| 690 | _aafrican missions | ||
| 690 | _aafricanization (indigenisation) | ||
| 690 | _ascarcity of priests | ||
| 690 | _aSecond Vatican Council | ||
| 690 | _avota | ||
| 786 | 0 | _nOutre-Mers | 426-427 | 1-2 | 2026-02-26 | p. 113-130 | 1631-0438 | |
| 856 | 4 | 1 | _uhttps://shs.cairn.info/revue-outre-mers-2025-1-2-page-113?lang=en&redirect-ssocas=7080 |
| 999 |
_c1756787 _d1756787 |
||